00651nam a22001697a 4500003000900000008004100009040007100050082002000121100001800141245009400159260002400253300002800277505014300305650001100448650001100459650001100470AR-CdUCM190409b ||||| |||| 00| 0 spa d aMUNICIPALIDAD PROVINCIAL DEL CUSCOcBIBLIOTECA MUNICIPAL DEL CUSCO a348.602 /bM26  a Martinez, G. aManual y leyes del obrero : Todas las leyes y reglamentos del obrero peruano en general / a Lima :b Mercurio. a288 páginas ;c19 cm. aContenido : Preliminares -- La libertad de reunión -- ¿Como debería de organizarse el sindicato? -- Garantías constitucionales ...  aNormas aLeyes  aObrero